20th anniversary of General Assembly resolution 46/182: reference guide. -- 2nd ed. (Record no. 33124)

MARC details
000 -LEADER
fixed length control field 01041nam a2200193 a 4500
008 - FIXED-LENGTH DATA ELEMENTS--GENERAL INFORMATION
fixed length control field 120725s2011 ||||||||||||||||| || u
050 ## - LIBRARY OF CONGRESS CALL NUMBER
Classification number UNO-OCHA(08)
110 ## - MAIN ENTRY--CORPORATE NAME
Corporate name or jurisdiction name as entry element United Nations Office for the Coordination of Humanitarian Affairs (OCHA)
245 10 - TITLE STATEMENT
Title 20th anniversary of General Assembly resolution 46/182: reference guide. -- 2nd ed.
Statement of responsibility, etc. by United Nations Organisation Office for the Coordination of Humanitarian Affairs [UNO-OCHA]
246 ## - VARYING FORM OF TITLE
Title proper/short title Normative developments on the coordination of humanitarian assistance in the genaral assembly and the economic and social council since the adoption of general assembly resolution 46/182
250 ## - EDITION STATEMENT
Edition statement 2nd ed.
260 ## - PUBLICATION, DISTRIBUTION, ETC.
Place of publication, distribution, etc. New York:
Name of publisher, distributor, etc. OCHA
Date of publication, distribution, etc. 2011
300 ## - PHYSICAL DESCRIPTION
Extent 106p.
362 1# - DATES OF PUBLICATION AND/OR SEQUENTIAL DESIGNATION
Dates of publication and/or sequential designation <p>Policy and Studies Series 2011</p>
490 ## - SERIES STATEMENT
Series statement Policy and studies
490 ## - SERIES STATEMENT
Volume/sequential designation 2011
650 ## - SUBJECT ADDED ENTRY--TOPICAL TERM
Topical term or geographic name entry element HUMANITARIAN ASSISTANCE--INTERNATIONAL COOPERATION
995 ## - RECOMMENDATION 995 [LOCAL, UNIMARC FRANCE]
-- CBU-MAIN LIBRARY (Kitwe)
-- 1
-- AVAILABLE
-- Aug 3, 2012
-- International Publications
Holdings
Withdrawn status Lost status Source of classification or shelving scheme Damaged status Not for loan Home library Current library Shelving location Date acquired Total Checkouts Full call number Barcode Date last seen Price effective from Koha item type
          CBU-MAIN LIBRARY, KITWE. CBU-MAIN LIBRARY, KITWE.   11/30/2022   UNO-OCHA(08) B78 11/30/2022 11/30/2022 MONOGRAPH